000 01786ngm a2200397 4500
003 dpl
005 20090312113051.0
007 DVD
008 ||||||sp199 xxu|||||c|||| 00| 0 eng d
010 _aDVD-001707-1709
024 _aFOX 2053
_c299.00
035 _aDVD-001707-1709
040 _aDPL
_cDPL
082 _aDVD / BANG
245 _aThe Banger Sisters
_cFox Searchlight Pictures Presents
_h[videorecording] DVD/
260 _b20th Century Fox Presents
300 _a2 videodisc VCD;
_bsd., col. ;
_c4 3/4 in.
_fVCD
440 _a20th Centyry Fox Home Entertainment
500 _aSole Distributor in India M/s. Excel Productions Autio Visuals Pvt. Ltd.
500 _aThis DVD is Copy Protected
538 _aDolby Digital 5.1-English Subtitles: English,Thai,
538 _aAspect Ratio: 2.35:1, Presentation type: Wide Screen, Presentation Size 16x9 Format DVD 9 Dual Layer Single Sided Disc.
650 _aMotion Picture
700 _aHawn, Goldie
700 _aSarandon, Susan
700 _aRush, Geoffrey
700 _aChristensen, Erika
700 _aThomas, Robin
700 _aRabin, Trevor
700 _aCrowe, Maureen
942 _cCF
_2ddc
_hDVD
_mBANG
999 _c25042
_d25042